Meilleurs buteurs de la Coupe du monde - Statistiques

Statistiques générales
  • Ce quiz a été pris 175 fois
  • Le résultat moyen est 6 sur 22
Statistiques - réponses
Année Répondre % Correct
2022 Mbappe
100%
2002 Ronaldo
86%
2006 Klose
71%
1970 Muller
64%
2018 Kane
57%
1958 Fontaine
47%
2010 Villa
42%
2014 Rodriguez
34%
1998 Suker
21%
1966 Eusebio
17%
1962 Garrincha
14%
1982 Rossi
11%
1986 Lineker
10%
1994 Stoichkov
6%
1954 Kocsis
3%
1938 Leônidas
3%
1974 Lato
1%
1930 Stábile
1%
1950 Ademir
0%
1978 Kempas
0%
1934 Nejedlý
0%
1990 Shillaci
0%
Aucun quiz correspondant
Distribution des résultats
% des personnes avec chaque résultat
Percentile par nombre de réponses
Votre historique - résultats
Vous n’avez pas pris ce quiz